000 00427nam a22001577a 4500
005 20251108172723.0
008 250721s2004 xx 000 0 ara d
082 1 4 _a398.6/خلي
100 1 _aخليل، تمام
_eمؤلف
245 1 0 _aموسوعة الألغاز المسلية /
264 1 _aعمان :
_bدار صفاء،
_c2004.
300 _a251ص
650 1 7 _aالألغاز
942 _2ddc
_cBK
999 _c86799
_d86799